| 000 | 00739nam a2200241Ia 4500 | ||
|---|---|---|---|
| 003 | IN-BaIIA | ||
| 008 | 211028s9999 xx 000 0 eng d | ||
| 020 | _a3-540-60936-9 | ||
| 040 | _cIIA Library | ||
| 080 |
_a52 _bFUN |
||
| 245 | 0 |
_aFundamental astronomy _cedited by H. Karttunen…[ et al.] |
|
| 250 | _a3rd rev. ed. | ||
| 260 |
_aBerlin _bSpringer-Verlag _c2000 |
||
| 300 | _axiii, 521p. | ||
| 650 |
_aAstronomy _980 |
||
| 650 | _aAstronomy and astrophysics thesaurus | ||
| 700 |
_aDonner, K. J., ed. _914450 |
||
| 700 |
_aKarttunen, H., ed. _924524 |
||
| 700 |
_aKroger, P., ed. _915778 |
||
| 700 |
_aOja, H., ed. _915779 |
||
| 700 |
_aPoutanen, M., ed. _915780 |
||
| 942 | _cBK | ||
| 999 |
_c13996 _d13996 |
||